[Event "Championnat de la Loire Open 2007-2008"]
[Site "Loire"]
[Date "2008.04.05"]
[Round "7.1"]
[White "Schlick, Paul"]
[Black "Furnon, Yannick"]
[Result "0-1"]
[WhiteElo "1200"]
[BlackElo "1650"]
[PlyCount "78"]

1. d4 d5 2. c4 c6 3. cxd5 cxd5 4. Nf3 Nf6 5. Bg5 e6 6. e3 Be7 7. Nc3 O-O 8. Bd3
a6 9. Qc2 Nbd7 10. Ne5 h5 11. Bf4 Nxe5 12. Bxe5 b5 13. a3 Bb7 14. O-O Rc8 15.
Rfc1 Nd7 16. Bf4 Nb6 17. Qd1 Nc4 18. Bxc4 dxc4 19. b3 cxb3 20. Qxb3 Qd7 21. a4
b4 22. Ne2 a5 23. Ra2 Rxc1+ 24. Nxc1 Qc6 25. f3 Qxc1+ 26. Kf2 Bd5 27. Rc2 Bxb3
28. Rxc1 Bxa4 29. Ra1 b3 30. Rb1 Rc8 31. e4 Ba3 32. d5 exd5 33. exd5 b2 34. Be5
Bc2 35. Rxb2 Bxb2 36. Bxb2 Bb3 37. d6 Be6 38. Ba3 Bd7 39. Ke3 Rc3+ 0-1

[Event "Championnat de la Loire Open 2007-2008"]
[Site "Loire"]
[Date "2008.04.05"]
[Round "7.2"]
[White "Carrot, Axel"]
[Black "Gregoire, Patrick"]
[Result "1-0"]
[WhiteElo "1500"]
[BlackElo "1590"]
[PlyCount "33"]

1. e4 e6 2. d4 d5 3. Nc3 c5 4. exd5 exd5 5. dxc5 Bxc5 6. Bb5+ Nc6 7. Qxd5 Qb6
8. Qe4+ Be6 9. Bxc6+ bxc6 10. Be3 Qxb2 11. Qxc6+ Ke7 12. Bxc5+ Kf6 13. Bd4+ Kg6
14. Nce2 Qb4+ 15. Bc3 Qb8 16. Qe4+ Bf5 17. Nf4+ 1-0

[Event "Championnat de la Loire Open 2007-2008"]
[Site "Loire"]
[Date "2008.04.05"]
[Round "7.3"]
[White "Mialon, Franck"]
[Black "Martin, Julien"]
[Result "1-0"]
[WhiteElo "1370"]
[BlackElo "1380"]
[PlyCount "61"]

1. e4 e5 2. Nf3 d6 3. d4 exd4 4. Qxd4 Nc6 5. Qc3 Nf6 6. Bb5 Bd7 7. Bg5 Be7 8.
Nbd2 a6 9. Bxc6 Bxc6 10. O-O-O O-O 11. e5 Nd5 12. Bxe7 Nxc3 13. Bxd8 Nxa2+ 14.
Kb1 Raxd8 15. h4 dxe5 16. Nxe5 Bxg2 17. Rhg1 Bd5 18. Rg3 a5 19. Rdg1 a4 20.
Rxg7+ Kh8 21. b4 Be6 22. Ne4 f6 23. Nxf6 Rxf6 24. Rxc7 Rxf2 25. Rgg7 Bf5 26.
Rge7 Bxc2+ 27. Kb2 Bb3+ 28. Ka3 Kg8 29. Rg7+ Kf8 30. Rxh7 Bc2 31. Rh8# 1-0

[Event "Championnat de la Loire Open 2007-2008"]
[Site "Loire"]
[Date "2008.04.05"]
[Round "7.4"]
[White "Bednar, Emile"]
[Black "Brachet, Gerard"]
[Result "1-0"]
[WhiteElo "1860"]
[BlackElo "1370"]
[PlyCount "53"]

1. e4 e5 2. f4 Nc6 3. Nf3 Qf6 4. Bc4 Bc5 5. Nc3 Nge7 6. f5 a6 7. a3 b5 8. Ba2
Bb7 9. d3 h6 10. Bd5 Nxd5 11. Nxd5 Qd6 12. b4 Ba7 13. Bb2 Nd4 14. Nc3 f6 15.
Ne2 Nxf3+ 16. gxf3 Qb6 17. d4 d6 18. Qd3 c5 19. dxc5 dxc5 20. O-O-O c4 21. Qd7+
Kf8 22. Rd6 Qe3+ 23. Kb1 Qxe2 24. Rhd1 Bd4 25. R1xd4 exd4 26. Qxb7 Re8 27. Rd7
1-0

[Event "Championnat de la Loire Open 2007-2008"]
[Site "Loire"]
[Date "2008.04.05"]
[Round "7.5"]
[White "Daillere, Roland"]
[Black "Joly, Christian"]
[Result "0-1"]
[WhiteElo "1300"]
[BlackElo "1610"]
[PlyCount "58"]

1. e4 d6 2. d4 Nf6 3. Nc3 g6 4. Bg5 Bg7 5. Nf3 O-O 6. e5 dxe5 7. dxe5 Qxd1+ 8.
Rxd1 Ng4 9. Nd5 Nc6 10. Nxe7+ Nxe7 11. Bxe7 Re8 12. Bb4 Nxe5 13. Nxe5 Bxe5 14.
Be2 Bxb2 15. Rd2 a5 16. Bc5 Bc3 17. Be3 Bxd2+ 18. Bxd2 b6 19. Kd1 Be6 20. Bb5
Red8 21. Ke2 Bxa2 22. Bg5 Rd5 23. Bc6 Re5+ 24. Be3 Bc4+ 25. Kf3 Bd5+ 26. Bxd5
Rxd5 27. g3 a4 28. Ra1 a3 29. Bc1 a2 0-1

[Event "Championnat de la Loire Open 2007-2008"]
[Site "Loire"]
[Date "2008.04.05"]
[Round "7.6"]
[White "Chambosse, Alexis"]
[Black "Trottet, Francois"]
[Result "1-0"]
[WhiteElo "1440"]
[BlackElo "1520"]
[PlyCount "71"]

1. e4 e6 2. Nc3 d5 3. exd5 exd5 4. d4 Nf6 5. Nf3 c6 6. Bd3 Be7 7. O-O Bg4 8.
Bg5 Nbd7 9. h3 Bh5 10. Be2 O-O 11. Qd3 Re8 12. Rfe1 Qc7 13. Ne5 Nxe5 14. dxe5
Bg6 15. Qd4 Ne4 16. Nxe4 Bxe4 17. Bxe7 Qxe7 18. f3 Bxc2 19. Bd3 Bxd3 20. Qxd3
Qg5 21. Qc3 Re6 22. Re3 Rae8 23. Rf1 Qf4 24. Rfe1 h6 25. b3 f6 26. Qc5 fxe5 27.
Qxa7 R8e7 28. Qb8+ Kf7 29. a4 e4 30. Qxf4+ Rf6 31. Qb8 g5 32. fxe4 Rfe6 33.
Rf1+ Kg6 34. g4 dxe4 35. Qg8+ Rg7 36. Qxg7+ 1-0

[Event "Championnat de la Loire Open 2007-2008"]
[Site "Loire"]
[Date "2008.04.05"]
[Round "7.7"]
[White "Volay, Pascal"]
[Black "Masson, Guillaume"]
[Result "1/2-1/2"]
[WhiteElo "1450"]
[BlackElo "1270"]
[PlyCount "90"]

1. e4 c6 2. d4 d5 3. exd5 cxd5 4. Nc3 Nf6 5. Bb5+ Nc6 6. Nf3 e6 7. Ne5 Bd7 8.
Nxd7 Qxd7 9. O-O Bd6 10. Bg5 Qe7 11. Bxc6+ bxc6 12. Qf3 Rb8 13. Rab1 Kd7 14.
Bf4 Bxf4 15. Qxf4 c5 16. a3 Rb7 17. Rfd1 Rhb8 18. b3 cxd4 19. Qxd4 Qxa3 20.
Qa4+ Qxa4 21. Nxa4 Ne4 22. f3 Nd6 23. Nc5+ Kc6 24. Nxb7 Rxb7 25. Ra1 Kb5 26.
Ra4 Rc7 27. Ra2 Kb6 28. Rda1 Nb5 29. h3 f6 30. Kf2 g5 31. g4 h6 32. Ra6+ Kb7
33. Rxe6 Rxc2+ 34. Re2 Rxe2+ 35. Kxe2 Nd4+ 36. Kf2 Kb6 37. Rd1 Kc5 38. b4+ Kc4
39. Ke3 Nc2+ 40. Kd2 Nxb4 41. Ra1 Nc6 42. Ra4+ Kb5 43. Ra2 a5 44. Rb2+ Nb4 45.
Kc3 Kc5 $11 1/2-1/2

[Event "Championnat de la Loire Open 2007-2008"]
[Site "Loire"]
[Date "2008.04.05"]
[Round "7.8"]
[White "Bader, Gaetan"]
[Black "Swietlicki, Jordan"]
[Result "0-1"]
[WhiteElo "1199"]
[BlackElo "1280"]
[PlyCount "80"]

1. e4 e5 2. Nf3 d6 3. Nc3 Nf6 4. d3 Nc6 5. Bg5 Be7 6. Be2 O-O 7. O-O h6 8. Be3
Be6 9. Qd2 Ng4 10. h3 Nxe3 11. fxe3 a6 12. d4 Bd7 13. d5 Na7 14. b3 b5 15. a3
c6 16. b4 f5 17. a4 bxa4 18. Rxa4 fxe4 19. Nxe4 c5 20. Rxa6 Bb5 21. Bxb5 Nxb5
22. Rxa8 Qxa8 23. c3 c4 24. Ng3 g6 25. e4 Rf4 26. Nh2 Bg5 27. Rxf4 Bxf4 28. Qf2
Qa7 29. Ng4 Bxg3 30. Nxh6+ Kg7 31. Qxa7+ Nxa7 32. Nf5+ gxf5 33. Kf1 fxe4 34.
Ke2 Nb5 35. Kd2 Bf4+ 36. Kc2 e3 37. Kd1 Nxc3+ 38. Ke1 Bg3+ 39. Kf1 e2+ 40. Kg1
e1=Q# 0-1

[Event "Championnat de la Loire Open 2007-2008"]
[Site "Loire"]
[Date "2008.04.05"]
[Round "8.1"]
[White "Furnon, Yannick"]
[Black "Bednar, Emile"]
[Result "0-1"]
[WhiteElo "1650"]
[BlackElo "1860"]
[PlyCount "98"]

1. d4 Nf6 2. Nf3 g6 3. Bf4 Bg7 4. Nbd2 d6 5. e3 O-O 6. Be2 Nbd7 7. O-O c5 8. c3
a6 9. a4 Nh5 10. Bg3 Nxg3 11. hxg3 Nb6 12. a5 Nd7 13. Qb3 Qc7 14. Bc4 h6 15.
Bd3 Kh7 16. Bc4 e6 17. Be2 d5 18. dxc5 Qxc5 19. Qa3 Qc7 20. Nb3 Re8 21. Rfc1
Nf6 22. c4 Bf8 23. Qa2 Qe7 24. Nbd2 Bg7 25. Qa3 Qxa3 26. Rxa3 Bd7 27. Rac3 Ne4
28. R3c2 Rac8 29. Nxe4 dxe4 30. Ne1 Ba4 31. Rd2 Red8 32. Rxd8 Rxd8 33. b4 Rd2
34. Kf1 Bf8 35. b5 Bc5 36. bxa6 bxa6 37. Ra1 Bc6 38. Rd1 Ra2 39. Rd8 Ra1 40.
Rd1 Rxd1 41. Bxd1 Bb4 42. Nc2 Bxa5 43. Be2 Bd7 44. Nd4 Ba4 45. c5 e5 46. Bxa6
exd4 47. exd4 Kg7 48. d5 Kf6 49. d6 Bd7 0-1

[Event "Championnat de la Loire Open 2007-2008"]
[Site "Loire"]
[Date "2008.04.05"]
[Round "8.2"]
[White "Carrot, Axel"]
[Black "Mialon, Franck"]
[Result "0-1"]
[WhiteElo "1500"]
[BlackElo "1370"]
[PlyCount "60"]

1. e4 e5 2. Nf3 Nc6 3. d4 exd4 4. Nxd4 Bc5 5. Be3 Qf6 6. Nxc6 Qxc6 7. Bxc5 Qxc5
8. Nc3 Nf6 9. Qd3 O-O 10. Qc4 Qg5 11. Qxc7 Re8 12. Qc4 d5 13. Qd3 Nxe4 14. Nxe4
Rxe4+ 15. Be2 Bf5 16. Qg3 Qf6 17. f3 Re3 18. Qf2 Rae8 19. O-O Rxe2 20. Rae1
Rxe1 21. Rxe1 Rxe1+ 22. Qxe1 h6 23. c3 Qb6+ 24. Kh1 Qxb2 25. h3 Qxa2 26. Qe5
Be6 27. f4 Qf2 28. Qc7 b6 29. Qxa7 Bf5 30. Qc7 Be4 0-1

[Event "Championnat de la Loire Open 2007-2008"]
[Site "Loire"]
[Date "2008.04.05"]
[Round "8.3"]
[White "Gregoire, Patrick"]
[Black "Martin, Julien"]
[Result "1-0"]
[WhiteElo "1590"]
[BlackElo "1380"]
[PlyCount "75"]

1. e4 e5 2. Nf3 d6 3. Bc4 Nf6 4. Nc3 Qe7 5. d3 Be6 6. Bxe6 Qxe6 7. Bg5 Be7 8.
Bxf6 Bxf6 9. Nd5 Bd8 10. Qd2 c6 11. Nc3 O-O 12. Ng5 Qg6 13. h4 h6 14. Nh3 Bxh4
15. Nf4 exf4 16. Rxh4 Qg5 17. Qxf4 Qxf4 18. Rxf4 Nd7 19. O-O-O a5 20. Kb1 b5
21. b3 b4 22. Ne2 a4 23. Rg4 axb3 24. cxb3 c5 25. Rh1 Ne5 26. Rg3 Ra3 27. Rxh6
Rfa8 28. Nc1 Ng6 29. Rh5 Nf4 30. Rhg5 Ne6 31. Rd5 Nd4 32. Re3 Nxb3 33. axb3 g6
34. Rxd6 Kg7 35. Rc6 Rh8 36. Rh3 Rha8 37. Rxc5 Rd8 38. Rb5 1-0

[Event "Championnat de la Loire Open 2007-2008"]
[Site "Loire"]
[Date "2008.04.05"]
[Round "8.4"]
[White "Joly, Christian"]
[Black "Volay, Pascal"]
[Result "0-1"]
[WhiteElo "1610"]
[BlackElo "1450"]
[PlyCount "76"]

1. e4 e5 2. Nf3 Nc6 3. d4 exd4 4. Bc4 Be7 5. Nxd4 Nf6 6. Nxc6 dxc6 7. Qxd8+
Bxd8 8. O-O O-O 9. Nc3 Re8 10. f3 Be6 11. Be2 b5 12. Bf4 Nh5 13. Be3 g6 14. a3
a6 15. f4 Nf6 16. h3 Be7 17. Rf3 Red8 18. f5 gxf5 19. exf5 Bd5 20. Nxd5 cxd5
21. Rg3+ Kh8 22. Bh6 Bf8 23. Bg5 Be7 24. Kh1 Rg8 25. c3 Ne4 26. Rd3 Rxg5 27.
Rxd5 Ng3+ 28. Kh2 Nxe2 29. Re1 Bd6+ 30. Kh1 Re8 31. Red1 Nf4 32. R1d2 Re2 33.
f6 Rxd2 34. Rxd2 Rf5 35. g3 Nxh3 36. Rh2 Ng5 37. Rh5 Bxg3 38. Kg2 Bf4 {abandon}
0-1

[Event "Championnat de la Loire Open 2007-2008"]
[Site "Loire"]
[Date "2008.04.05"]
[Round "8.5"]
[White "Swietlicki, Jordan"]
[Black "Schlick, Paul"]
[Result "1-0"]
[WhiteElo "1280"]
[BlackElo "1200"]
[PlyCount "57"]

1. e4 e5 2. d3 Nf6 3. Nf3 d6 4. Be2 g6 5. O-O Nc6 6. Nc3 Bg7 7. Bd2 Be6 8. Ng5
Nd4 9. Nxe6 Nxe6 10. Be3 O-O 11. Qd2 Nd4 12. Bh6 Nxe2+ 13. Nxe2 Ng4 14. Bxg7
Kxg7 15. h3 Nf6 16. f4 exf4 17. Nxf4 c6 18. Qc3 Kg8 19. Rae1 d5 20. e5 Ne8 21.
e6 Nd6 22. e7 Qb6+ 23. Rf2 Rfe8 24. Qf6 Nf5 25. Kf1 Qd4 26. Re5 Ng3+ 27. Kg1
Nh5 28. Nxh5 gxh5 29. Rg5# 1-0

[Event "Championnat de la Loire Open 2007-2008"]
[Site "Loire"]
[Date "2008.04.05"]
[Round "8.6"]
[White "Brachet, Gerard"]
[Black "Chambosse, Alexis"]
[Result "0-1"]
[WhiteElo "1370"]
[BlackElo "1440"]
[PlyCount "96"]

1. e4 e5 2. Nf3 d6 3. Bc4 Be7 4. d3 Nf6 5. a3 Bd7 6. Nc3 a6 7. Be3 O-O 8. d4
exd4 9. Bxd4 Nc6 10. O-O Bg4 11. Be2 Nxd4 12. Qxd4 c6 13. Rad1 Qc7 14. h3 Bh5
15. Rd2 Rad8 16. Rfd1 Nd7 17. g3 Bxf3 18. Bxf3 Ne5 19. Be2 Bf6 20. Qe3 Rfe8 21.
f4 Ng6 22. h4 c5 23. Kg2 Qc6 24. h5 Nf8 25. Kh3 h6 26. b3 Ne6 27. e5 dxe5 28.
fxe5 Rxd2 29. exf6 Rxd1 30. Bf3 Ng5+ 31. Qxg5 hxg5 32. Bxc6 bxc6 33. Nxd1 gxf6
34. Kg4 Kf8 35. Nb2 Re2 36. Na4 Rxc2 37. Kf5 Kg7 38. g4 c4 39. bxc4 Rxc4 40.
Nb6 Rc5+ 41. Ke4 Re5+ 42. Kd4 c5+ 43. Kc4 Re4+ 44. Kd5 Rxg4 45. Kxc5 Re4 46. a4
g4 47. Nc4 g3 48. Nd2 Rxa4 0-1

[Event "Championnat de la Loire Open 2007-2008"]
[Site "Loire"]
[Date "2008.04.05"]
[Round "8.7"]
[White "Masson, Guillaume"]
[Black "Daillere, Roland"]
[Result "1-0"]
[WhiteElo "1270"]
[BlackElo "1300"]
[PlyCount "75"]

1. c4 e5 2. Nc3 Nf6 3. g3 Bb4 4. Bg2 Bxc3 5. bxc3 O-O 6. Nf3 Nc6 7. O-O b6 8.
Ba3 Re8 9. Qc2 Bb7 10. e3 d6 11. d4 e4 12. Nd2 d5 13. cxd5 Qxd5 14. Rfe1 Na5
15. Rab1 Nc4 16. Nxc4 Qxc4 17. h3 Rab8 18. Rb4 Qe6 19. c4 c5 20. dxc5 bxc5 21.
Rb5 Nd7 22. Bxc5 Nxc5 23. Rxc5 Rbc8 24. Rxc8 Rxc8 25. Rc1 g6 26. c5 Bd5 27. a3
f5 28. Bf1 Bb3 29. Qc3 Ba4 30. Bc4 Qxc4 31. Qxc4+ Kg7 32. Qxa4 Rc7 33. Qd4+ Kh6
34. Qd6 Rg7 35. c6 Kg5 36. c7 Rxc7 37. Rxc7 h5 38. Rc6 1-0

[Event "Championnat de la Loire Open 2007-2008"]
[Site "Loire"]
[Date "2008.04.05"]
[Round "8.8"]
[White "Trottet, Francois"]
[Black "Bader, Gaetan"]
[Result "1-0"]
[WhiteElo "1520"]
[BlackElo "1199"]
[PlyCount "91"]

1. e4 e5 2. Nf3 Nc6 3. Bb5 Nf6 4. O-O Bc5 5. Re1 Ng4 6. d4 Bb4 7. Nc3 O-O 8.
dxe5 Ngxe5 9. Re3 Bc5 10. Re1 Ng4 11. Be3 Nxe3 12. fxe3 a6 13. Bc4 Na5 14. Bd3
d6 15. Nd5 Be6 16. Nf4 Qe8 17. b3 Bg4 18. h3 Be6 19. Qe2 c6 20. Qf2 d5 21. e5
Ba7 22. c3 c5 23. Qc2 Nc6 24. Bxh7+ Kh8 25. e4 dxe4 26. Qxe4 Ne7 27. c4 g6 28.
Ng5 Bf5 29. Qxb7 a5 30. Qf3 Kg7 31. h4 Bb8 32. h5 Bxe5 33. Rxe5 Rh8 34. hxg6
fxg6 35. Rae1 Ra7 36. Nfe6+ Kf6 37. g4 Ra6 38. gxf5 gxf5 39. Bxf5 Rh5 40. Bg4+
Nf5 41. Qxf5+ Ke7 42. Ng7+ Kd8 43. Rxe8+ Kc7 44. Qc8+ Kb6 45. R1e6+ Ka7 46.
Qc7# 1-0